Dramatic rise in area under rubber likely (Record no. 57367)

MARC details
000 -LEADER
fixed length control field 00274nam a2200109Ia 4500
100 ## - MAIN ENTRY--AUTHOR NAME
Personal name Evans Stephen V.
245 #0 - TITLE STATEMENT
Title Dramatic rise in area under rubber likely
260 ## - PUBLICATION, DISTRIBUTION, ETC. (IMPRINT)
Name of publisher Rubber Asia
Year of publication 2010
300 ## - PHYSICAL DESCRIPTION
Number of Pages 41-42
942 ## - ADDED ENTRY ELEMENTS (KOHA)
Koha item type Journals
Holdings
Withdrawn status Lost status Damaged status Not for loan Home library Current library Date acquired Serial Enumeration / chronology Koha item type
      Journals RRII Library RRII Library 26/05/2010 Volume 24, Issue 3 Journals